Atlante storico Garzanti : cronologia della storia universale /

محفوظ في:
التفاصيل البيبلوغرافية
التنسيق: كتاب
اللغة:الإيطالية
منشور في: Milán, Italia ; Garzanti, 1966, c1966
الموضوعات:
الوسوم: إضافة وسم
لا توجد وسوم, كن أول من يضع وسما على هذه التسجيلة!

MARC

LEADER 00000nam^a2200000^a^4500
001 000395177
005 20250521000000.0
009 20260310121355.817
025 |a Donación Buena Prensa, 1 ejemplar (noviembre 2016) 
037 |a Acervo Xavier Clavigero 
041 |a ITA 
082 |a 911.  |b ATL 
245 0 0 |a Atlante storico Garzanti :  |b cronologia della storia universale / 
264 4 |a Milán, Italia ;  |b Garzanti,  |c 1966, c1966 
300 |a 632 p. 
336 |a texto  |b txt  |2 rdacontenido 
337 |a sin mediación  |b n  |2 rdamedio 
338 |a volumen  |b nc  |2 rdasoporte 
500 |a Traducción de: Atlas zür Weltgeschichte 
649 |a XX 
650 |a Atlas Históricos -  |x Tema Principal 
650 |a Atlas 
650 |a Geografía Histórica 
650 |a Historia Universal -  |x Atlas -  |x Tema Principal 
910 |a Fondo General 
920 |a Impresos - Libros 
930 |a Obras de Referencia 
905 |a 102 
901 |a 0500290453  |b IT2  |c REF  |i FXC D  |u 20250521 
902 |a https://opac.biblio.iteso.mx/vufind/Record/000395177